Les 206 os du corps humain - Statistiques

Statistiques générales
  • Ce quiz a été pris 185 fois
  • Le résultat moyen est 20 sur 53
Statistiques - réponses
Par images Hint Réponse % Correct
Phalanges
77%
Fémur
76%
Côtes
73%
Humérus
70%
Os frontal
69%
Phalanges
63%
Clavicule
58%
Radius
57%
Ulna
57%
Os pariétal
56%
Scapula
55%
Coccyx
52%
Mandibule
50%
Os occipital
50%
Tibia
50%
Os temporal
49%
Calcanéus
47%
Os zygomatique
44%
Trapèze
44%
Fibula
42%
Os métacarpiens
42%
Os métatarsiens
42%
Sternum
40%
Capitatum
39%
Os nasal
38%
Patella
38%
Talus
37%
Sacrum
33%
Manubrium
32%
Vertèbres cervicales
31%
Hamatum
30%
Naviculaire
29%
Os coxal
29%
Os ethmoïde
29%
Lunatum
28%
Vertèbres thoraciques
28%
Cuboïde
27%
Pisiforme
27%
Os lacrymal
25%
Triquetrum
25%
Vertèbres lombaires
22%
Os maxillaire
20%
Vomer
20%
Os hyoïde
17%
Trapézoïde
17%
Cornet nasal inférieur
16%
Cunéiformes
16%
Partie orange Incus
16%
Os palatin
16%
Partie marron Stapes
14%
Scaphoïde
11%
Os sphénoïde
8%
Partie beige Malleus
7%
Aucun quiz correspondant
Distribution des résultats
% des personnes avec chaque résultat
Percentile par nombre de réponses
Votre historique - résultats
Vous n’avez pas pris ce quiz